| 000 | 00989nam a2200229 4500 | ||
|---|---|---|---|
| 005 | 20251003144321.0 | ||
| 020 |
_a0421830603 _cTZS 63,632/= |
||
| 040 |
_aMCCL _beng. _eAACR 2nd. rev. ed. |
||
| 082 | _a346.02 UPE | ||
| 100 | _aUpex, Robert | ||
| 245 |
_a Davies on contract _c/ R. V. Upex, Geoffrey Bennett, Jason Chuah. |
||
| 250 | _a10th ed. | ||
| 260 |
_aLondon: _cSweet & Maxwell, _bc2008. |
||
| 300 |
_a xxxi, 191 p. ; _c22 cm. |
||
| 505 | _aMaking the agreement. What is within the agreement. Defects in the agreement. Who is within the agreement. Ending the agreement. | ||
| 520 | _a'Davies on Contract' introduces contract law, breaking the subject down into its component parts and providing an explanation of each area. This edition has been extensively rewritten and restructured to reflect the changes in the way that contract law is presently taught | ||
| 546 | _aeng. | ||
| 650 | _aContract | ||
| 700 | _aBennett, Geoffrey | ||
| 700 | _a Chuah, Jason | ||
| 942 | _cBK | ||
| 999 |
_c11759 _d11759 |
||